000 00677nam a2200265Ia 4500
005 20260121165954.0
008 008 260114s9999 xx 000 0 eng d
020 _a9783319299860
037 _aEBOOK
040 _aCRL
040 _beng
040 _cCRL
041 _2eng
041 _aeng
084 _qCRL
100 _aDavid C. Geary, Daniel B. Berch
_91058260
245 0 _aEvolutionary Perspectives on Child Development and Education
260 _bSpringer
260 _bSpringer
260 _c2016
856 _uhttps://link.springer.com/openurl?genre=book&isbn=978-3-319-29986-0
942 _cEBOOK
999 _c1623989
_d1623989